VARKARI SANTANCHA BHAKTIYOGA (Record no. 357258)

MARC details
000 -LEADER
fixed length control field 005510000a22002170004500
005 - DATE AND TIME OF LATEST TRANSACTION
control field 20120302062634.0
040 ## - CATALOGING SOURCE
Original cataloging agency MAR
100 ## - MAIN ENTRY--PERSONAL NAME
Personal name DR.ABHYANKAR, SHANKAR
245 ## - TITLE STATEMENT
Title VARKARI SANTANCHA BHAKTIYOGA
250 ## - EDITION STATEMENT
Edition statement 2ND
260 ## - PUBLICATION, DISTRIBUTION, ETC. (IMPRINT)
Place of publication, distribution, etc PUNE: AADITYA PRATISHTHAN,1994
300 ## - PHYSICAL DESCRIPTION
Extent 168 P.
365 ## - TRADE PRICE
Price amount RS.85/-
650 ## - SUBJECT ADDED ENTRY--TOPICAL TERM
Topical term or geographic name as entry element SANTA VANGAMAYA
650 ## - SUBJECT ADDED ENTRY--TOPICAL TERM
Topical term or geographic name as entry element SANTA
650 ## - SUBJECT ADDED ENTRY--TOPICAL TERM
Topical term or geographic name as entry element VARKARI SAMPRADAYA
650 ## - SUBJECT ADDED ENTRY--TOPICAL TERM
Topical term or geographic name as entry element SANTA NIVRUTTINATHA TE SANTA NILOBA
650 ## - SUBJECT ADDED ENTRY--TOPICAL TERM
Topical term or geographic name as entry element SANTA MUKTABAI TE SANTA BAHINABAI
650 ## - SUBJECT ADDED ENTRY--TOPICAL TERM
Topical term or geographic name as entry element BHAKTIYOGA
942 ## - ADDED ENTRY ELEMENTS (KOHA)
Koha item type Book
Holdings
Withdrawn status Lost status Damaged status Not for loan Home library Current library Date acquired Total Checkouts Barcode Date last seen Price effective from
        Institute For Oriental Study, Thane Institute For Oriental Study, Thane 12/02/2009   IOS-18314 M 12/02/2009 12/02/2009